Maiores municípios de cada estado brasileiro por área - Statistics

Estatísticas Gerais
  • Esse quiz foi jogado 23 vezes
  • A pontuação média é 5 de 27
Estatísticas das Respostas
UF Área (km²) Município % Correto
PA 159.533 Altamira
95%
RJ 4.032 Campos dos Goytacazes
45%
RO 34.090 Porto Velho
40%
MS 64.438 Corumbá
35%
PR 3.168 Guarapuava
30%
RN 2.099 Mossoró
30%
SP 1.978 Iguape
25%
SC 2.637 Lages
20%
MA 13.141 Balsas
15%
AM 122.461 Barcelos
15%
AP 30.782 Laranjal do Jari
15%
RS 7.800 Alegrete
10%
RR 47.379 Caracaraí
10%
MG 10.727 João Pinheiro
10%
ES 3.496 Linhares
10%
PE 4.561 Petrolina
10%
CE 4.260 Santa Quitéria
10%
MT 27.946 Colniza
5%
AC 27.975 Feijó
5%
BA 15.634 Formosa do Rio Preto
5%
GO 9.843 Niquelândia
5%
DF 435 Plano Piloto
5%
PI 8.411 Uruçuí
5%
TO 13.431 Formoso do Araguaia
0%
AL 914 Mata Grande
0%
PB 992 Monteiro
0%
SE 1.218 Poço Redondo
0%
Nenhum quiz correspondente encontrado
Distribuição das Pontuações
Porcentagem de Pessoas com Cada Pontuação
Percentil de Números Respondidos
Sua Pontuação Histórica
Você não jogou esse quiz